Statistics for Match the Robot to Its Weapon! (Robot Wars)

Click here to take the quiz!

General Stats

  • This quiz has been taken 9 times
  • The average score is 10 of 13

Answer Stats

QuestionAnswer% Correct
Wheely Big CheeseFlipper
100%
BehemothLifting Scoop / Gripper / Axe
100%
CarbideSpinner
100%
GeminiClusterbot
89%
Nuts 2Flails
89%
Storm2Flipper / Spinner
89%
KillertronPickaxe
78%
Plunderbird 5Plunderthocker
67%
WyrmWedge
67%
ReptirronCircular Saw
56%
X-TerminatorFlipper / Spikes / Axe / Spinner
56%
T.R.A.C.I.ESpikes
56%
Robot the BruceBrute Force
44%

Score Distribution

Percentile by Number Answered

Percent of People with Each Score

Your Score History

You have not taken this quiz